Counties of Taiwan - Statistics

General Stats
  • This quiz has been taken 6,989 times
  • The average score is 13 of 22
Answers on the Map
Answers color-coded by a green-red scale on the quiz's map according to % correct below.
 
Answer Stats
Province % Correct
Taipei
99%
New Taipei
76%
Tainan
76%
Taichung
73%
Kaohsiung
71%
Hualien
66%
Taoyuan
64%
Taitung
62%
Keelung
60%
Hsinchu
59%
Hsinchu City
59%
Chiayi
57%
Chiayi City
57%
Kinmen
56%
Penghu
56%
Yilan
56%
Pingtung
55%
Miaoli
53%
Nantou
52%
Changhua
45%
Yunlin
44%
Lienchiang
43%
No matching quizzes found
Score Distribution
Percent of People with Each Score
Percentile by Number Answered
Your Score History
You have not taken this quiz